| 000 | 00701nam a22002055i 4500 | ||
|---|---|---|---|
| 999 |
_c7697 _d7697 |
||
| 003 | OSt | ||
| 005 | 20200317155854.0 | ||
| 008 | 150529m2003uuuufi 000 0 eng | ||
| 020 | _z9789516829541 (v. 5 : pbk.) | ||
| 040 |
_aDLC _beng _cDLC _erda |
||
| 082 | _a720 | ||
| 245 | 0 | 0 | _aAlvar Aalto architect. |
| 300 |
_avolume ; _ccm |
||
| 505 | 1 | 0 |
_gVolume 5. _tPaimio Sanatorium 1929-33 / _r[editorial board: Esa Laaksonen [amd others] ; editors of this volume: Mia Hipeli, Esa Laaksonen ; translations: Gareth Griffiths [andothers]]. |
| 776 | 0 | _z9789516829541 (v. 5 : pbk.) | |
| 776 | 0 | _w(GyWOH)har145023337 | |
| 906 |
_a0 _bibc _corigres _du _encip _f20 _gy-gencatlg |
||
| 942 | _2ddc | ||